[Event "Championship Moscow 2019"]
[Site "Moscow]
[Date "2019.04.03"]
[Round "5.2"]
[White "Diakonova, Ekaterina"]
[Black "Charochkina, Daria"]
[Result "0-1"]
[WhiteElo "2214"]
[BlackElo "2330"]
[PlyCount "60"]
[EventDate "2019.??.??"]
[WhiteClock "0:12:39"]
[BlackClock "0:15:14"]

1. e4 c5 2. Nf3 Nc6 3. Bb5 g6 4. c3 Nf6 5. e5 Nd5 6. O-O Bg7 7. d4 Nc7 8. Bxc6
dxc6 9. h3 cxd4 10. cxd4 O-O 11. Nc3 Bf5 12. Re1 Qd7 13. Ne4 b6 14. b3 Rad8 15.
Bb2 Nd5 16. Qd2 h6 17. Nh4 g5 18. Nxf5 Qxf5 19. Ng3 Qg6 20. Re4 Nf4 21. Rae1 c5
22. Qe3 Rd5 23. Ba3 Rfd8 24. dxc5 Nd3 25. Rb1 bxc5 26. b4 Bxe5 27. bxc5 Bf4 28.
Qf3 Nxf2 29. Qxf2 Bxg3 30. Qe2 Qxe4 0-1

[Event "Championship Moscow 2019"]
[Site "Moscow]
[Date "2019.04.03"]
[Round "5.5"]
[White "Zotova, Anastasia"]
[Black "Fominykh, Maria"]
[Result "0-1"]
[WhiteElo "2148"]
[BlackElo "2259"]
[PlyCount "80"]
[EventDate "2019.03.30"]

1. e4 e6 2. d4 d5 3. Nc3 Nf6 4. e5 Nfd7 5. f4 c5 6. Nf3 Nc6 7. Be3 a6 8. Qd2 b5
9. dxc5 Bxc5 10. Bd3 Qb6 11. Bf2 Bxf2+ 12. Qxf2 Qxf2+ 13. Kxf2 b4 14. Ne2 Nc5
15. Ned4 Nxd4 16. Nxd4 Kd7 17. Nb3 Kc6 18. Nd4+ Kc7 19. a3 Rb8 20. Ke3 bxa3 21.
bxa3 Bd7 22. Rhb1 f6 23. Rb4 a5 24. Rbb1 Ba4 25. Bb5 Bxb5 26. Nxb5+ Kd7 27. Kd4
Ne4 28. exf6 gxf6 29. Nc3 Nxc3 30. Kxc3 Rhc8+ 31. Kd3 Kd6 32. g3 e5 33. fxe5+
fxe5 34. a4 e4+ 35. Kd2 Kc6 36. c3 Rf8 37. c4 d4 38. Rb5 Rf2+ 39. Ke1 Rbf8 40.
Rd1 d3 0-1

[Event "Championship Moscow 2019"]
[Site "Moscow]
[Date "2019.04.03"]
[Round "5.6"]
[White "Ilyina, Lada"]
[Black "Zaitseva, Lyudmila"]
[Result "1/2-1/2"]
[WhiteElo "1877"]
[BlackElo "1926"]
[PlyCount "126"]
[EventDate "2019.03.30"]

1. e4 e6 2. Nc3 d5 3. Qe2 Ne7 4. g3 b6 5. Bg2 Bb7 6. d3 Nbc6 7. f4 Nd4 8. Qf2
dxe4 9. dxe4 c5 10. Be3 Nec6 11. Nf3 Nb4 12. O-O-O Nbc6 13. Nb5 Nxb5 14. Rxd8+
Rxd8 15. c3 Nd6 16. Nd2 e5 17. g4 Kd7 18. Qg3 f6 19. g5 Kc7 20. Bh3 Re8 21. Bf1
Be7 22. Bd3 Rd8 23. Bc2 Rhe8 24. gxf6 Bxf6 25. f5 Ne7 26. Re1 h6 27. Qg4 Bc8
28. Qh5 Bd7 29. Bf2 Bg5 30. Be3 Bf6 31. a4 a5 32. Qe2 Kb7 33. b3 Nec8 34. Bd3
Re7 35. Rd1 Bc6 36. Bc2 Red7 37. Rg1 Ne7 38. Rg4 Nec8 39. Rg6 Nf7 40. Rg1 Ncd6
41. Kb2 Ng5 42. Rg4 Ngf7 43. h4 Rh8 44. h5 Re7 45. Nc4 Rd8 46. Nxd6+ Nxd6 47.
Bf2 Be8 48. Rg1 Red7 49. Qg4 Nf7 50. Be3 Kc7 51. Rc1 Nd6 52. Qe2 Kb7 53. Ka3
Bf7 54. Bd3 Ka7 55. Bb5 Rc7 56. Bg1 Be7 57. Kb2 Bf6 58. Bf2 Kb7 59. Be1 Ka7 60.
Ka1 Bg5 61. b4 c4 62. bxa5 bxa5 63. Rd1 Kb7 1/2-1/2

[Event "Championship Moscow 2019"]
[Site "Moscow]
[Date "2019.04.03"]
[Round "5.7"]
[White "Smirnova, Ekaterina"]
[Black "Nur-Mukhametova, Alisa"]
[Result "1-0"]
[WhiteElo "2178"]
[BlackElo "2164"]
[PlyCount "81"]
[EventDate "2019.03.30"]

1. d4 Nf6 2. c4 c5 3. d5 e6 4. Nc3 exd5 5. cxd5 d6 6. e4 g6 7. f4 Bg7 8. Bb5+
Nfd7 9. Nf3 O-O 10. O-O a6 11. Bd3 b5 12. a3 Re8 13. Kh1 c4 14. Bc2 Nc5 15. f5
Nbd7 16. Bg5 Qb6 17. Qe1 Ne5 18. f6 Bh8 19. Qh4 Qd8 20. Nxe5 Rxe5 21. Rf3 Nd7
22. Raf1 Nf8 23. g4 Rb8 24. Ne2 Qd7 25. Rg1 Qe8 26. Nd4 Rxe4 27. Nc6 Bb7 28.
Bxe4 Bxc6 29. Re1 Bb7 30. Bh6 Qe5 31. Bxf8 Bxd5 32. Bxd6 Qxd6 33. Rd1 Bxf6 34.
Qf2 Bxb2 35. Qxb2 Bxe4 36. Rxd6 Bxf3+ 37. Kg1 Bxg4 38. Qd4 Be6 39. Rxa6 Rc8 40.
Rd6 h5 41. Rd8+ 1-0

[Event "Championship Moscow 2019"]
[Site "Moscow]
[Date "2019.04.03"]
[Round "5.8"]
[White "Todua, Anastasia"]
[Black "Dumcheva, Julia"]
[Result "0-1"]
[WhiteElo "1610"]
[BlackElo "2168"]
[PlyCount "64"]
[EventDate "2019.03.30"]

1. e4 c6 2. d4 d5 3. exd5 cxd5 4. Nf3 Nf6 5. Bd3 Nc6 6. c3 Qc7 7. O-O Bg4 8. h3
Bh5 9. Re1 e6 10. Nbd2 O-O-O 11. Qc2 Bd6 12. b4 Kb8 13. b5 Na5 14. Ne5 Rc8 15.
c4 Bxe5 16. Rxe5 dxc4 17. Nxc4 Nd5 18. Rxh5 Nxc4 19. Qe2 h6 20. Be3 Ncxe3 21.
fxe3 g5 22. Rf1 f5 23. e4 Nf4 24. Rxf4 Qxf4 25. Qf3 Rc1+ 26. Bf1 Qxe4 27. Qf2
f4 28. Kh2 Rc2 29. Qg1 f3 30. Kh1 fxg2+ 31. Bxg2 Qf4 32. Qh2 Rc1+ 0-1

[Event "Championship Moscow 2019"]
[Site "Moscow]
[Date "2019.04.03"]
[Round "5.9"]
[White "Korchagina, Alena"]
[Black "Kirchei, Viktoriia"]
[Result "1/2-1/2"]
[WhiteElo "2167"]
[BlackElo "2122"]
[PlyCount "157"]
[EventDate "2019.03.30"]

1. d4 Nf6 2. c4 e6 3. Nf3 Bb4+ 4. Bd2 a5 5. g3 b6 6. Bg2 Bb7 7. O-O O-O 8. Bf4
Re8 9. a3 Bf8 10. Nc3 d6 11. Qc2 Nbd7 12. e4 e5 13. Bg5 h6 14. Bxf6 Nxf6 15. d5
g6 16. b4 Qe7 17. Nd2 Nh7 18. Rfc1 Bc8 19. Qb3 h5 20. c5 bxc5 21. bxc5 Bh6 22.
cxd6 cxd6 23. Rc2 Bd7 24. Rb1 h4 25. Nc4 h3 26. Bf1 Ng5 27. Be2 f5 28. Qb6 Bf8
29. f3 Rac8 30. Qe3 Bh6 31. Rb7 Nf7 32. Qa7 Ra8 33. Qf2 Rab8 34. Rcb2 Rbc8 35.
Rb1 Qd8 36. Qa7 Ra8 37. Qb6 Bc8 38. Qxd8 Rxd8 39. R7b6 Ba6 40. Rc6 Rdc8 41. Kf2
Bxc4 42. Bxc4 Nd8 43. Nb5 Nxc6 44. dxc6+ Kf8 45. Bd5 Rab8 46. a4 Rb6 47. Rd1
Ke7 48. c7 Kd7 49. Rd3 Rxc7 50. Be6+ Kxe6 51. Nxc7+ Kd7 52. Nb5 Rc6 53. Na3 Bc1
54. Nb5 Bg5 55. Ke2 Be7 56. Na3 Rc1 57. Kf2 Rh1 58. Nc4 Ke6 59. Nxa5 Rxh2+ 60.
Kg1 Ra2 61. Nc6 fxe4 62. fxe4 Rxa4 63. Nxe7 Kxe7 64. Rc3 Ra2 65. Kh1 h2 66. Rb3
Re2 67. Rb4 Kf6 68. Rb6 Rd2 69. Rb3 Kg5 70. Rb7 Re2 71. Rb6 Kg4 72. Rb3 Kh3 73.
g4+ Kh4 74. Rd3 Rxe4 75. Rxd6 Rxg4 76. Kxh2 e4 77. Rd5 e3 78. Re5 Rd4 79. Rxe3
1/2-1/2

[Event "Championship Moscow 2019"]
[Site "Moscow]
[Date "2019.04.03"]
[Round "5.10"]
[White "Gorovenko, Darya"]
[Black "Kruglikova, Viktorija"]
[Result "1-0"]
[WhiteElo "2134"]
[BlackElo "1786"]
[PlyCount "58"]
[EventDate "2019.03.30"]

1. d4 Nf6 2. Nf3 e6 3. g3 b5 4. Bg2 Bb7 5. O-O c5 6. Bg5 Be7 7. dxc5 Na6 8. a4
b4 9. c3 bxc3 10. Nxc3 Nxc5 11. b4 Nce4 12. Nxe4 Bxe4 13. Qd4 Bd5 14. a5 O-O
15. Rab1 a6 16. Rfd1 Rc8 17. Qa7 Ne4 18. Bd2 Ra8 19. Qe3 Qc7 20. Be1 Bf6 21.
Nd4 Qb7 22. Nb3 Bg5 23. f4 Be7 24. Nc5 Qa7 25. Bxe4 Bxe4 26. Qxe4 d6 27. Bf2
dxc5 28. Kf1 Rac8 29. Bxc5 Bxc5 1-0

[Event "Championship Moscow 2019"]
[Site "Moscow]
[Date "2019.04.03"]
[Round "5.11"]
[White "Miroshnik, Ekaterina"]
[Black "Zakharova, Evgenia"]
[Result "1-0"]
[WhiteElo "2039"]
[BlackElo "1892"]
[PlyCount "69"]
[EventDate "2019.03.30"]

1. d4 d5 2. Nf3 Nf6 3. c4 dxc4 4. e3 c5 5. Bxc4 e6 6. O-O a6 7. b3 b5 8. Be2
Bb7 9. Bb2 Nbd7 10. Nbd2 cxd4 11. Nxd4 Be7 12. Bf3 Qb6 13. a4 O-O 14. a5 Qa7
15. Nc6 Bxc6 16. Bxc6 Rac8 17. Qf3 Rfd8 18. Rac1 Bb4 19. Ne4 Nxe4 20. Bxe4 Nc5
21. Qg4 f5 22. Bxf5 exf5 23. Qxb4 Nd3 24. Rxc8 Rxc8 25. Qd6 Rc2 26. Qxd3 Rxb2
27. Qc3 Ra2 28. Qc8+ Kf7 29. Qxf5+ Ke8 30. Rc1 Qb7 31. Qe6+ Kf8 32. Rc8+ Qxc8
33. Qxc8+ Kf7 34. g4 Ra3 35. Qd7+ 1-0

[Event "Championship Moscow 2019"]
[Site "Moscow]
[Date "2019.04.03"]
[Round "5.12"]
[White "Kasaeva, Sofiia"]
[Black "Soblirova, Sabina"]
[Result "1-0"]
[WhiteElo "1960"]
[BlackElo "1516"]
[PlyCount "69"]
[EventDate "2019.03.30"]

1. e4 e6 2. d4 d5 3. Nd2 c5 4. Ngf3 Nf6 5. exd5 exd5 6. Bb5+ Bd7 7. Bxd7+ Nbxd7
8. O-O Be7 9. dxc5 Nxc5 10. Nb3 Nce4 11. Nfd4 Qd7 12. f3 Nd6 13. Nc5 Qc7 14.
Nd3 O-O 15. Kh1 Rfe8 16. b3 Nd7 17. Bb2 Bf6 18. Nf4 Nb6 19. Nh5 Bxd4 20. Qxd4
f6 21. Qg4 Kf8 22. Qf4 Rad8 23. Nxg7 Qxg7 24. Bxf6 Qf7 25. Qh6+ Kg8 26. Qg5+
Qg6 27. Bxd8 Qxg5 28. Bxg5 Re2 29. Rac1 Nb5 30. Rfe1 Nc3 31. Rxe2 Nxe2 32. Re1
Nc3 33. a4 d4 34. Bf6 Ncd5 35. Bxd4 1-0

[Event "Championship Moscow 2019"]
[Site "Moscow]
[Date "2019.04.03"]
[Round "5.13"]
[White "Khachatryan, Marieta"]
[Black "Danilova, Rada"]
[Result "0-1"]
[WhiteElo "1856"]
[BlackElo "1930"]
[PlyCount "68"]
[EventDate "2019.03.30"]

1. e4 c5 2. Nf3 Nc6 3. Nc3 g6 4. Bb5 Bg7 5. O-O e5 6. d3 a6 7. Bc4 Nf6 8. Be3
d6 9. h3 O-O 10. a4 Rb8 11. Qd2 Nd4 12. Bxd4 cxd4 13. Nd5 b5 14. axb5 axb5 15.
Bb3 Nxd5 16. exd5 f5 17. c3 dxc3 18. bxc3 b4 19. Ra7 bxc3 20. Qc2 Qb6 21. Ra3
Ba6 22. Rfa1 Bxd3 23. Qxd3 e4 24. Qc2 exf3 25. gxf3 Qd8 26. Ra7 Qg5+ 27. Kf1
Be5 28. Re1 Qf4 29. Re3 Rfc8 30. Ke2 Qb4 31. Ba2 Qc5 32. Qd1 Qxa7 33. Bb3 Rxb3
34. Qxb3 c2 0-1

[Event "Championship Moscow 2019"]
[Site "Moscow]
[Date "2019.04.03"]
[Round "5.14"]
[White "Seregina, Maria"]
[Black "Strukova, Ksenia"]
[Result "1-0"]
[WhiteElo "1853"]
[BlackElo "1919"]
[PlyCount "71"]
[EventDate "2019.03.30"]

1. d4 Nf6 2. c4 g6 3. Nf3 Bg7 4. g3 O-O 5. Bg2 d6 6. Nc3 Nbd7 7. O-O e5 8. e4
c6 9. h3 Qa5 10. Be3 exd4 11. Bxd4 Qa6 12. Bxf6 Nxf6 13. Qxd6 Qxc4 14. Rfe1 Be6
15. Bf1 Rfd8 16. Qxd8+ Rxd8 17. Bxc4 Bxc4 18. e5 Nd5 19. Rad1 Re8 20. Rd4 Nxc3
21. Rxc4 Nd5 22. Kf1 Bf8 23. a3 Nb6 24. Rce4 Bg7 25. Nd2 Rd8 26. Nc4 Na4 27.
Na5 Nxb2 28. Rb4 Nd3 29. Rd1 Rd5 30. Rxb7 Rxa5 31. Rb8+ Bf8 32. Rxd3 Kg7 33. f4
c5 34. Rdd8 Be7 35. Rd7 Bf8 36. e6 1-0

[Event "Championship Moscow 2019"]
[Site "Moscow]
[Date "2019.04.03"]
[Round "5.15"]
[White "Sayafarova, Anna"]
[Black "Dorofeeva, Nyurguiaana"]
[Result "1-0"]
[WhiteElo "1794"]
[BlackElo "1879"]
[PlyCount "111"]
[EventDate "2019.03.30"]

1. e4 c6 2. d4 d5 3. exd5 cxd5 4. Bd3 Nf6 5. h3 g6 6. Nf3 Nc6 7. c3 Bg7 8. O-O
O-O 9. Re1 Bf5 10. Bxf5 gxf5 11. Bf4 Ne4 12. Nbd2 e6 13. Nb3 b5 14. Ne5 Nxe5
15. dxe5 Qh4 16. Qf3 Rac8 17. Nd4 a6 18. a4 b4 19. cxb4 Rc4 20. Qe3 Rxb4 21. f3
Ng3 22. Rad1 Nh5 23. Bg5 Qg3 24. Ne2 Qxe5 25. Qa7 Qxb2 26. Rd2 Rb7 27. Qf2 Qb4
28. g4 fxg4 29. hxg4 Nf6 30. Qh4 Nd7 31. Nf4 Qxd2 32. Nxe6 Qxe1+ 33. Qxe1 fxe6
34. Qxe6+ Kh8 35. Qxd5 Rb1+ 36. Kg2 Rb2+ 37. Kg3 Ne5 38. f4 Ng6 39. f5 h6 40.
fxg6 Rbf2 41. Be3 R2f3+ 42. Qxf3 Rxf3+ 43. Kxf3 Bf8 44. Ke4 Kg7 45. Kf5 Be7 46.
Bd4+ Kg8 47. Ke6 Bg5 48. Kd7 Bd2 49. Kc6 a5 50. Kb5 Be1 51. Bb6 Kg7 52. Bxa5
Bg3 53. Bb6 Kxg6 54. a5 Kg5 55. a6 Bb8 56. Kc6 1-0

[Event "Championship Moscow 2019"]
[Site "Moscow]
[Date "2019.04.03"]
[Round "5.16"]
[White "Zaytseva, Dariya"]
[Black "Ivanova, Anastasia S"]
[Result "1-0"]
[WhiteElo "1350"]
[BlackElo "1860"]
[PlyCount "59"]
[EventDate "2019.03.30"]

1. c4 c5 2. Nc3 g6 3. g3 Bg7 4. Bg2 Nc6 5. Nf3 e6 6. e4 a6 7. d3 Nge7 8. O-O
O-O 9. Be3 d6 10. d4 cxd4 11. Nxd4 Qc7 12. Rc1 e5 13. Nxc6 bxc6 14. c5 dxc5 15.
Bxc5 Rd8 16. Qc2 a5 17. Na4 Ra6 18. Rfd1 Be6 19. Bf1 Raa8 20. Bb6 Qb7 21. Rxd8+
Rxd8 22. Bxd8 Bh6 23. Rd1 Bf8 24. Bxa5 Bxa2 25. Bc4 Bxc4 26. Qxc4 Kg7 27. Bc3
f6 28. Nc5 Qc8 29. Ne6+ Kh6 30. Rd8 1-0

[Event "Championship Moscow 2019"]
[Site "Moscow]
[Date "2019.04.03"]
[Round "5.17"]
[White "Zakharova, Oksana"]
[Black "Putinceva, Marina"]
[Result "1-0"]
[WhiteElo "1751"]
[BlackElo "1519"]
[PlyCount "85"]
[EventDate "2019.03.30"]

1. c4 e5 2. Nc3 Nf6 3. g3 d5 4. cxd5 Nxd5 5. Bg2 Nb6 6. Nf3 Nc6 7. O-O Be7 8.
b3 g5 9. Ne1 h5 10. f4 gxf4 11. gxf4 exf4 12. Rxf4 Qd6 13. Nd3 Rg8 14. Kh1 Bg4
15. Qf1 Be6 16. Ne4 Qd7 17. Ndc5 Qc8 18. Nxe6 Qxe6 19. Nf6+ Bxf6 20. Rxf6 Qe5
21. Rb1 Rxg2 22. Kxg2 Qe4+ 23. Rf3 Qxb1 24. Re3+ Ne7 25. Rxe7+ Kd8 26. Qxf7
Qg6+ 27. Qxg6 Kxe7 28. Ba3+ Kd7 29. Qf7+ Kc6 30. Qe6+ Kb5 31. Qe5+ Kc6 32. Qc5+
Kd7 33. Qe7+ Kc6 34. e4 Rg8+ 35. Kf1 h4 36. Qe6+ Kb5 37. Qxg8 Ka6 38. Qg5 Nd7
39. e5 Nxe5 40. Qxe5 b5 41. Qxc7 b4 42. Bxb4 h3 43. Qc6# 1-0

[Event "Championship Moscow 2019"]
[Site "Moscow]
[Date "2019.04.03"]
[Round "5.18"]
[White "Shevtsova, Stefania"]
[Black "Zvereva, Margarita"]
[Result "1-0"]
[WhiteElo "1684"]
[BlackElo "1853"]
[PlyCount "57"]
[EventDate "2019.03.30"]

1. e4 c6 2. d4 d5 3. e5 Bf5 4. Nf3 e6 5. Be2 Nd7 6. Bg5 Qb6 7. b3 h6 8. Be3 Ne7
9. O-O Qc7 10. a4 c5 11. Na3 Nc6 12. c4 dxc4 13. Nxc4 Rd8 14. Rc1 Na5 15. Nxa5
Qxa5 16. dxc5 Nxe5 17. Bb5+ Nc6 18. Qe2 Be4 19. Rfd1 Bd5 20. Ne5 Qc7 21. Bf4
Qc8 22. Qh5 g6 23. Nxg6 fxg6 24. Qxg6+ Kd7 25. Qf7+ Be7 26. Rxd5+ exd5 27. Rd1
Qa8 28. Rxd5+ Kc8 29. Qe6+ 1-0

[Event "Championship Moscow 2019"]
[Site "Moscow]
[Date "2019.04.03"]
[Round "5.19"]
[White "Zakharova, Anna"]
[Black "Komarova, Viktoria"]
[Result "1/2-1/2"]
[WhiteElo "1820"]
[BlackElo "1567"]
[PlyCount "82"]
[EventDate "2019.03.30"]

1. e4 Nf6 2. Nc3 d5 3. exd5 Nxd5 4. Nxd5 Qxd5 5. d4 Nc6 6. Be3 Bf5 7. c3 e6 8.
Nf3 Be7 9. Be2 O-O 10. O-O Bf6 11. Nd2 Qd7 12. Bf3 a6 13. Nb3 b6 14. g4 Bg6 15.
Bg2 Rab8 16. Qf3 Na7 17. Qg3 Be7 18. Rfd1 Bd6 19. f4 c6 20. h4 f5 21. g5 Bh5
22. Rd2 Bg4 23. Nc1 Rbd8 24. Nd3 Qc7 25. Ne5 Bxe5 26. fxe5 b5 27. Bf3 Bxf3 28.
Qxf3 g6 29. Rh2 Kg7 30. Qf2 Nc8 31. Kg2 Rh8 32. Rah1 Rdg8 33. h5 Qd7 34. hxg6
hxg6 35. Rxh8 Rxh8 36. Rxh8 Kxh8 37. Qf3 Qd5 38. Qxd5 cxd5 39. b3 Nb6 40. Kf2
Kg7 41. Ke2 Kf7 1/2-1/2

[Event "Championship Moscow 2019"]
[Site "Moscow]
[Date "2019.04.03"]
[Round "5.21"]
[White "Gaer, Margarita"]
[Black "Krupnova, Anna"]
[Result "0-1"]
[WhiteElo "1627"]
[BlackElo "1729"]
[PlyCount "100"]
[EventDate "2019.03.30"]

1. d4 Nf6 2. Bf4 e6 3. Nf3 c5 4. e3 Nc6 5. c3 d5 6. Bd3 Bd6 7. Bg3 O-O 8. Nbd2
Qe7 9. Ne5 Qc7 10. Ndf3 Ne4 11. Nxc6 bxc6 12. Bxe4 dxe4 13. Ng5 Rb8 14. Rb1 f5
15. dxc5 Be5 16. Qh5 h6 17. Nxe4 Bxg3 18. Nxg3 Ba6 19. Ne2 f4 20. Nxf4 Rxf4 21.
exf4 Qxf4 22. Qf3 Qe5+ 23. Qe3 Qf5 24. Rd1 Rxb2 25. h3 Rxa2 26. g4 Qf6 27. Rd8+
Kh7 28. Rd1 Re2+ 29. Qxe2 Bxe2 30. Kxe2 Qxc3 31. Rhe1 Qxh3 32. f3 Qg2+ 33. Ke3
Qb2 34. Rc1 a5 35. Kf4 Qh2+ 36. Ke3 e5 37. Rc4 Qb2 38. Kd3 a4 39. Re2 Qb3+ 40.
Rc3 Qd1+ 41. Rd2 Qxf3+ 42. Kc2 Qxg4 43. Rd6 Qb4 44. Re6 a3 45. Rxe5 Qb2+ 46.
Kd3 a2 47. Re1 a1=Q 48. Rxa1 Qxa1 49. Rc2 Qd1+ 50. Kc3 Qxc2+ 0-1

[Event "Championship Moscow 2019"]
[Site "Moscow]
[Date "2019.04.03"]
[Round "5.22"]
[White "Petrova, Elizaveta"]
[Black "Chagina, Ulyana"]
[Result "1-0"]
[WhiteElo "1403"]
[BlackElo "1739"]
[PlyCount "71"]
[EventDate "2019.03.30"]

1. e4 e6 2. d4 d5 3. e5 c5 4. c3 Nc6 5. Nf3 Nge7 6. Na3 cxd4 7. cxd4 Nf5 8. Nc2
Bd7 9. Bd3 Be7 10. Bd2 Qb6 11. Bc3 g5 12. g4 Nh4 13. Nxh4 gxh4 14. h3 Bg5 15.
a3 Rc8 16. O-O Bf4 17. Qf3 Bg5 18. Qe2 Be7 19. Kh2 a6 20. f4 Na7 21. Qf3 Bb5
22. f5 Bxd3 23. Qxd3 Qb5 24. Qd2 Qb3 25. Rf3 Nb5 26. Raf1 Kd7 27. fxe6+ fxe6
28. Na1 Qc4 29. b3 Qc6 30. Bb4 Bxb4 31. Qxb4 Rce8 32. a4 Nc7 33. Rc3 a5 34.
Rf7+ Kd8 35. Rxc6 axb4 36. Rcxc7 1-0

[Event "Championship Moscow 2019"]
[Site "Moscow]"]
[Date "2019.04.04"]
[Round "6.1"]
[White "Vorobiov, Evgeny E"]
[Black "Popov, Ivan"]
[Result "1/2-1/2"]
[WhiteElo "2565"]
[BlackElo "2585"]
[PlyCount "31"]
[EventDate "2019.??.??"]
[WhiteClock "1:04:46"]
[BlackClock "1:05:31"]

1. c4 e5 2. Nc3 Bb4 3. Nd5 a5 4. Nf3 d6 5. a3 Bc5 6. e3 Nf6 7. d4 Nxd5 8. cxd5
exd4 9. Nxd4 O-O 10. g3 Nd7 11. Bg2 Bxd4 12. Qxd4 Nc5 13. Qc3 Na4 14. Qd4 Nc5
15. Qc3 Na4 16. Qd4 1/2-1/2

[Event "Championship Moscow 2019"]
[Site "Moscow]"]
[Date "2019.04.04"]
[Round "6.2"]
[White "Afanasiev, Nikita"]
[Black "Kozionov, Kirill"]
[Result "0-1"]
[WhiteElo "2527"]
[BlackElo "2441"]
[PlyCount "88"]
[EventDate "2019.??.??"]
[WhiteClock "0:14:25"]
[BlackClock "0:02:13"]

1. e4 c5 2. Nf3 d6 3. d4 Nf6 4. Nc3 cxd4 5. Nxd4 a6 6. Bg5 e6 7. f4 Qb6 8. Nb3
Nbd7 9. Qe2 Qc7 10. O-O-O b5 11. a3 Bb7 12. Kb1 Be7 13. g4 O-O-O 14. Rg1 h6 15.
Bh4 g5 16. Bg3 gxf4 17. Bxf4 Ne5 18. h3 Kb8 19. Bg2 Nfd7 20. Rgf1 Nc4 21. Bc1
Nde5 22. Na2 Rc8 23. Nb4 Bg5 24. Qf2 Ka8 25. Rfe1 Qe7 26. Re2 Bxc1 27. Nxc1 h5
28. gxh5 Rxh5 29. Qf4 Rg8 30. Rf1 f5 31. Qh2 Qg5 32. Rf4 Qg3 33. Qxg3 Rxg3 34.
Ncd3 Ne3 35. Nxe5 Nxg2 36. Rff2 dxe5 37. Rxg2 Rxg2 38. Rxg2 Rxh3 39. Nd3 Bxe4
40. Rg8+ Ka7 41. Nxe5 Rh1+ 42. Ka2 Bxc2 43. Rg7+ Kb6 44. b4 Be4 0-1

[Event "Championship Moscow 2019"]
[Site "Moscow]"]
[Date "2019.04.04"]
[Round "6.3"]
[White "Dvalishvili, Pavel S"]
[Black "Zakhartsov, Vladimir"]
[Result "1/2-1/2"]
[WhiteElo "2407"]
[BlackElo "2468"]
[PlyCount "58"]
[EventDate "2019.??.??"]
[WhiteClock "1:07:16"]
[BlackClock "1:21:57"]

1. Nf3 Nf6 2. g3 d5 3. Bg2 c5 4. O-O e6 5. c4 d4 6. e3 Nc6 7. exd4 cxd4 8. d3
Be7 9. Bg5 O-O 10. Nbd2 h6 11. Bxf6 Bxf6 12. a3 a5 13. Ne1 e5 14. Nc2 Be7 15.
Re1 Bf5 16. Bxc6 bxc6 17. Qf3 Be6 18. Qxc6 Rc8 19. Qf3 f6 20. b4 Qd7 21. bxa5
Bg4 22. Qe4 Bf5 23. Qf3 Bg4 24. Qe4 Bf5 25. Qf3 Bg4 26. Qe4 Bf5 27. Qf3 Bg4 28.
Qe4 Bf5 29. Qf3 Bg4 1/2-1/2

[Event "Championship Moscow 2019"]
[Site "Moscow]"]
[Date "2019.04.04"]
[Round "6.4"]
[White "Golubov, Saveliy"]
[Black "Yeletsky, Ivan"]
[Result "0-1"]
[WhiteElo "2460"]
[BlackElo "2409"]
[PlyCount "116"]
[EventDate "2019.??.??"]
[WhiteClock "0:01:33"]
[BlackClock "0:00:40"]

1. d4 Nf6 2. Nf3 g6 3. Bg5 Bg7 4. Nbd2 O-O 5. e3 d6 6. Bd3 c5 7. c3 Nc6 8. O-O
cxd4 9. exd4 h6 10. Bh4 Qc7 11. b4 Nd5 12. Rc1 Nf4 13. Bb1 e5 14. Re1 b6 15. b5
Ne7 16. c4 Nf5 17. Bg3 Nxg3 18. hxg3 Ne6 19. dxe5 dxe5 20. Be4 Rb8 21. Bd5 Kh7
22. Nb3 f6 23. Qe2 Bd7 24. Nfd2 Nc5 25. Nxc5 Qxc5 26. Nb3 Qb4 27. Red1 Rfd8 28.
Rd2 h5 29. Rcd1 Bf5 30. Re1 Rd7 31. f3 Rbd8 32. Rdd1 Rd6 33. g4 hxg4 34. fxg4
Bc8 35. Qf3 Rxd5 36. Qh3+ Kg8 37. cxd5 Bxg4 38. Qh4 g5 39. Qg3 Bxd1 40. Rxd1
Qxb5 41. d6 a5 42. Qg4 Qd7 43. Qc4+ Kf8 44. a4 f5 45. Qa6 Qc6 46. Qf1 f4 47.
Qd3 e4 48. Qd2 Qc4 49. d7 Qxb3 50. Qd6+ Kg8 51. Rd5 Qe3+ 52. Kh2 Qg3+ 53. Kh1
Qh4+ 54. Kg1 Qh6 55. Qc7 Qf6 56. Rd6 Qe7 57. Qc6 e3 58. Kf1 e2+ 0-1

[Event "Championship Moscow 2019"]
[Site "Moscow]"]
[Date "2019.04.04"]
[Round "6.5"]
[White "Savchenko, Boris"]
[Black "Makarian, Rudik"]
[Result "1-0"]
[WhiteElo "2575"]
[BlackElo "2354"]
[PlyCount "121"]
[EventDate "2019.??.??"]
[WhiteClock "0:01:22"]
[BlackClock "0:01:08"]

1. e4 c5 2. Be2 Nc6 3. f4 g6 4. Nf3 Bg7 5. O-O d6 6. a4 e6 7. c3 Nge7 8. d4
cxd4 9. cxd4 O-O 10. Na3 e5 11. fxe5 dxe5 12. d5 Nd4 13. Nxd4 exd4 14. Bg5 h6
15. Bf4 f5 16. Qb3 Kh8 17. d6 Nc6 18. exf5 Bxf5 19. Nc4 Qd7 20. Bd3 Rae8 21.
Bg3 Qe6 22. Rae1 Qd5 23. Rxe8 Rxe8 24. Bxf5 gxf5 25. Qb5 Qf7 26. Rxf5 Qg6 27.
Qd5 d3 28. Qxd3 Nd4 29. d7 Rg8 30. Nd6 Nxf5 31. Nxf5 Rd8 32. Bc7 Bf6 33. Bxd8
Bxd8 34. g3 h5 35. Qd5 Kh7 36. Kf2 Qb6+ 37. Kf3 Qg6 38. h3 Qf6 39. Ke4 Bc7 40.
Kd3 Qxb2 41. Qf7+ Kh8 42. Qxh5+ Kg8 43. Qg4+ Kf8 44. Nd4 Qb1+ 45. Kd2 Ba5+ 46.
Ke3 Qe1+ 47. Kf4 Bc7+ 48. Kf3 Qd1+ 49. Ne2 Ke7 50. Qe4+ Kxd7 51. Kg2 Qd2 52. h4
a6 53. Kh3 Qe1 54. h5 Qf1+ 55. Kg4 Qf6 56. Qxb7 Qe6+ 57. Kf3 Qh3 58. Qd5+ Kc8
59. Ke3 Qf1 60. Qa8+ Kd7 61. Qxa6 1-0

[Event "Championship Moscow 2019"]
[Site "Moscow]"]
[Date "2019.04.04"]
[Round "6.6"]
[White "Yeritsyan, Aram"]
[Black "Ivanov, Oleg V"]
[Result "1/2-1/2"]
[WhiteElo "2301"]
[BlackElo "2441"]
[PlyCount "41"]
[EventDate "2019.??.??"]
[WhiteClock "0:28:31"]
[BlackClock "0:15:29"]

1. e4 e5 2. Nf3 Nc6 3. Bb5 g6 4. d3 Bg7 5. Bxc6 bxc6 6. Be3 d6 7. d4 Bg4 8.
dxe5 Bxe5 9. c3 Bg7 10. Nbd2 Nf6 11. h3 Be6 12. O-O O-O 13. b4 a5 14. a4 axb4
15. cxb4 Qb8 16. Rb1 Ba2 17. Ra1 Be6 18. Rb1 Ba2 19. Ra1 Be6 20. Qb1 Qb7 21.
Ne1 1/2-1/2

[Event "Championship Moscow 2019"]
[Site "Moscow]"]
[Date "2019.04.04"]
[Round "6.7"]
[White "Savenkov, Konstantin"]
[Black "Rozanov, Pavel B"]
[Result "1-0"]
[WhiteElo "2373"]
[BlackElo "2242"]
[PlyCount "49"]
[EventDate "2019.??.??"]
[WhiteClock "0:35:48"]
[BlackClock "0:35:06"]

1. e4 e6 2. d3 d5 3. Nd2 c5 4. g3 Bd6 5. Bg2 Ne7 6. f4 Nbc6 7. Ngf3 O-O 8. O-O
f6 9. Qe2 Bc7 10. c3 Bd7 11. Nh4 Be8 12. f5 exf5 13. exd5 Nxd5 14. Nxf5 Bg6 15.
Ne4 Re8 16. Qf2 Re5 17. Nh4 Bh5 18. Bd2 b6 19. Rae1 Bf7 20. a3 Re8 21. c4 Nde7
22. Bc3 Be5 23. Bxe5 Nxe5 24. Nxf6+ gxf6 25. Rxe5 1-0

[Event "Championship Moscow 2019"]
[Site "Moscow]"]
[Date "2019.04.04"]
[Round "6.8"]
[White "Smirnov, Timofey"]
[Black "Ageichenko, Genadi A"]
[Result "1-0"]
[WhiteElo "2345"]
[BlackElo "2208"]
[PlyCount "57"]
[EventDate "2019.??.??"]
[WhiteClock "0:21:19"]
[BlackClock "0:15:51"]

1. e4 c5 2. Nf3 e6 3. d4 cxd4 4. Nxd4 Nf6 5. Nc3 d6 6. g4 h6 7. h4 Nc6 8. Rg1
h5 9. gxh5 Nxh5 10. Bg5 Qb6 11. Nb3 a6 12. Be2 Nf6 13. h5 Nh7 14. Be3 Qc7 15.
Qd2 Nf6 16. O-O-O Bd7 17. Bf4 Ne5 18. Bg5 b5 19. Qd4 Nc6 20. Qe3 b4 21. Nb1 Nh7
22. Bf4 a5 23. Bb5 Nf6 24. Nc5 Qb6 25. Nxd7 Qxb5 26. Nxf8 Kxf8 27. Bxd6+ Kg8
28. Rg5 e5 29. Rxg7+ 1-0